00561nam a2200157Ia 4500008004100000020001500041041001200056100001800068245006100086260003900147300000800186650001600194942000700210999001700217952016900234221030s9999 xx 000 0 und d a0070991537 aEnglish aR. A. Plastok 0aTheory & Problems of Computer Graphicscby R. A. Plastok bMcGraw - Hill Pub.aNew Yorkc1987 a340 aBB Computer cBK c18902d18902 pBB 1021g250.00l0eDonationr2025-05-17 00:00:00w2022-10-30yBK003Print4070aMIETLIBbMIETLIBcBL-Academic Block B, FL-2, CUP-73, SH-2, R-2d2022-02-0110HBB